000
00460nam a2200145Ia 4500
008
151213s9999 xx 000 0 und d
100
_a
আলম খোরশেদ।
245
_a
নাটক বিষয়ে।
_c
আলম খোরশেদ।
260
_a
ঢাকা।
_b
দেশ প্রকাশন।
_c
1999
300
_a
8657 p.
650
_a
Bangla
650
_a
গল্প।
700
_a
আলম খোরশেদ।
999
_c
4443
_d
4443